The nature of virus multiplication : 2. symposium of the Society for General Microbiology held at Oxford University, April 1952 /

Další autoři: Fildes, Paul, 1882-1971, Van Heyningen, W. E.
Jazyk: Angličtina
Vydáno: Cambridge : Columbia University Press, 1953
Témata:
Fyzický popis: 8, 320 s.
Knihy
Uloženo v:
LEADER 00978nam a22002652a 4500
001 001748482
003 CZ BrMZK
005 20210430100414.0
007 ta
008 200513s1953 xxk er|||||||||||eng d
040 |a ABB022  |b cze  |d BOA001 
080 |a 576  |2 MRF 
245 0 4 |a The nature of virus multiplication :  |b 2. symposium of the Society for General Microbiology held at Oxford University, April 1952 /  |c [edited by P. Fildes and W.E. van Heyningen] 
260 |a Cambridge :  |b Columbia University Press,  |c 1953 
300 |a 8, 320 s. 
504 |a Obsahuje bibliografii 
650 0 7 |a viry  |7 ph116578  |2 czenas 
650 0 7 |a mikrobiologie  |7 ph115303  |2 czenas 
650 0 7 |a rozmnožování (biologie)  |7 ph172851  |2 czenas 
700 1 |a Fildes, Paul,  |d 1882-1971  |7 xx0188154  |4 edt 
700 1 |a Van Heyningen, W. E.  |4 edt 
910 |a BOA001  |b 3-0438.297 
990 |a BK 
991 |b 202005 
996 7 |b 2618880234  |c 3-0438.297  |l MZK  |r Sklad / do 1 hodiny  |n 0  |w 001800855  |u 000010  |a 1  |e BOA001  |j MZK50  |s A